| 000 | 00710nam a2200229Ia 4500 | ||
|---|---|---|---|
| 003 | OSt | ||
| 005 | 20230522094645.0 | ||
| 008 | 210423s2013 xx 000 0 und d | ||
| 020 | _a978-0-19-807898-2 | ||
| 040 | _cAL | ||
| 041 | _aeng | ||
| 082 |
_a332.4 PATO _223 |
||
| 100 |
_aKHATKHATE (Deena);REDDY (Y V) _9109338 |
||
| 245 | _aOf economics policy and development: an intellectual journey by I G Patel | ||
| 260 |
_aNew Delhi _bOxford University Press _c2013 |
||
| 300 |
_axxxii,456 _bPB |
||
| 365 |
_b1295 _cINR |
||
| 650 |
_aEconomics _9109339 |
||
| 650 |
_aMonetary Economics _9109340 |
||
| 906 | _aan ; development: ; economics ; G ; intellectual ; journey ; Patel. ; policy | ||
| 942 |
_2ddc _cBK |
||
| 999 |
_c165205 _d165205 |
||